000 00373nam a2200145Ia 4500
008 230917s9999||||xx |||||||||||||| ||und||
040 _e153811
_aMAIN
041 _aEnglish
082 _a294.6 G537A:G
100 _aAgnihotri, Kuldeep Chand
245 0 _aGuru Govind Singh: Vyaktitav evam krititav
260 _aDelhi
_bAtma Ram
_c1970
300 _a100 p.
942 _cBK
999 _c213710
_d213710